TDS Units - Statistics

General Stats
  • This quiz has been taken 6 times
  • The average score is 23 of 60
Answer Stats
Tower Unit % Correct
Elf Camp Elf
80%
Military Base Humvee
80%
Shotgunner (Old) SWAT Van
80%
Elf Camp Bomber Elf
60%
Crook Boss (Oldest) Crook
60%
Golden Crook Boss (Oldest) Golden Crook
60%
Mercenary Base Grenadier
60%
Elf Camp Gunner Elf
60%
Mecha Base Mark I
60%
Mecha Base Mark II
60%
Mecha Base Mark III
60%
Mecha Base Mark IV
60%
Mecha Base Mark V
60%
Crook Boss Pistol Goon
60%
Military Base Railgun Tank
60%
Mercenary Base Rifleman
60%
Engineer Sentry
60%
Necromancer Skeleton
60%
Elf Camp Snowball Elf
60%
Necromancer Sword Skeleton
60%
Military Base Tank
60%
Engineer War Machine Sentry
60%
Elf Camp Cannoneer Elf
40%
Necromancer Executioner Skeleton
40%
Necromancer Giant Skeleton
40%
Golden Crook Boss (Oldest) Golden Mafia
40%
Elf Camp Guardian Elf
40%
Commander Gunner APC
40%
Military Base Humvee 2
40%
Military Base Humvee 3
40%
Crook Boss (Oldest) Mafia
40%
Commander Missile APC
40%
Military Base (Old) Motorcycle
40%
Engineer Rifle Sentry
40%
Mercenary Base Riot Guard
40%
Elf Camp Ripped Elf
40%
Crook Boss Tommy Goon
40%
Mecha Base (Former) Armored XR600
20%
Crook Boss (Old) Body Guard
20%
Trick or Threat Town Citizen 1
20%
Trick or Threat Town Citizen 2
20%
Mercenary Base Field Medic
20%
Elf Camp Gift Bomber
20%
Golden Crook Boss Golden Body Guard
20%
Golden Crook Boss Golden Pistol Goon
20%
Golden Crook Boss Golden Tommy Goon
20%
Engineer Minigun Sentry
20%
Mecha Base (Old) XR600
20%
Mecha Base (Old) XR700
20%
Mecha Base (Old) XR900
20%
Mecha Base (Old) XR901
20%
Crook Boss (Old) Body Guards 2
0%
Crook Boss (Old) Body Guards 1
0%
Golden Crook Boss (Old) Golden Body Guards 1
0%
Golden Crook Boss (Old) Golden Body Guards 2
0%
Necromancer Hallow Guard
0%
Necromancer Skeleton Knight
0%
Military Base (Old) Truck1
0%
Military Base (Old) Truck2
0%
Military Base (Old) Truck3
0%
No matching quizzes found
Score Distribution
Percent of People with Each Score
Percentile by Number Answered
Your Score History
You have not taken this quiz